000
00216 a2200097 4500
001
57803
100
_a
245
_a
Social structure
260
_a
Lahore
_b
Allah wala printers
_c
1948
090
_c
35456
_d
35456
942
_a
NUST-CAE
_c
MONOGRAPH
_c
28287
999
_c
292876
_d
292876